| 000 | 02327cam a22005774i 4500 | ||
|---|---|---|---|
| 003 | PE-LiUPU | ||
| 005 | 20250731170436.0 | ||
| 008 | 150625s r 000 0 d | ||
| 035 | _a(Sirsi) a31554 | ||
| 040 |
_aPE-LiUPU _bspa _cPE-LiUPU _erda |
||
| 049 | _a | ||
| 082 | 0 | 4 |
_a153.9 _bM16 |
| 100 | 1 |
_aMagnusson, David, _eautor. |
|
| 245 | 1 | 0 |
_aTeoría de los tests / _cDavid Magunsson. |
| 264 | 1 |
_aMéxico : _bTrillas, _c1983. |
|
| 300 | _a | ||
| 336 |
_atext _2rdacontent |
||
| 337 |
_aunmediated _2rdamedia |
||
| 338 |
_avolume _2rdacarrier |
||
| 505 | 0 | _aLa medición en psicología diferencial. - El ITEM aislado y su varianza. - Correlación y predicción. - Varianza total de un tests; covarianza. - Confiabilidad. - Error estandar de media La confiabilidad de las diferencias de puntaje. - Varianza de error en las estimaciones de confiabilidad. - Métodos prácticos para estimar la confiabilidad. - Validez. - La predicción y su garantia. - Predicción individual, Clasificación y selección . - Teoria factorial, confiabilidad y validez. - Analisis de Items. - La conjetura. - Escalas, transformaciones y normas. | |
| 526 | _aSEG68 | ||
| 526 | _aSEG70 | ||
| 526 | _aSEG69 | ||
| 526 | _aSEG67 | ||
| 526 | _aSEG43 | ||
| 526 | _aP144 | ||
| 526 | _aP143 | ||
| 526 | _aP131 | ||
| 526 | _aP122 | ||
| 526 | _aP120 | ||
| 526 | _aP117 | ||
| 526 | _aP112 | ||
| 526 | _aP110 | ||
| 526 | _aP106 | ||
| 526 | _aP101 | ||
| 526 | _aP80 | ||
| 526 | _aP59 | ||
| 526 | _aP54 | ||
| 526 | _aP35 | ||
| 526 | _aP33 | ||
| 526 | _aP30 | ||
| 942 |
_2ddc _cBOOK |
||
| 949 |
_a153.9 M16 _wDEWEY _c1 _i24704 _lCCODEBUL1 _mBUL _p00.00 _r0 _sY _tBOOK _u2015-06-25 _xBIBLIOTECA _zUNKNOWN _0COMPRA _o.STAFF. Colección General |
||
| 949 |
_a153.9 M16 _wDEWEY _c2 _i24703 _lCCODEBUL1 _mBUL _p00.00 _r0 _sY _tBOOK _u2015-06-25 _xBIBLIOTECA _zUNKNOWN _0COMPRA _o.STAFF. Colección General |
||
| 994 | _a | ||
| 596 | _a1 | ||
| 999 |
_a153.9 M16 _wDEWEY _c39116 _i24704 _d39116 _e2015-10-13 _f2021-11-3 _g5 _lCCODEBUL1 _mBUL _n1 _q1 _r0 _sY _tBOOK _u2015-6-25 _xSALUD _zUNKNOWN _0COMPRA _o.STAFF. Colección General |
||
| 999 |
_a153.9 M16 _wDEWEY _c2 _i24703 _f2019-12-10 _g4 _lDISCARD _mBUL _r1 _sY _tBOOK _u2015-6-25 _xSALUD _zUNKNOWN _0COMPRA _o.STAFF. Colección General |
||
| 980 |
_81 _gALBERTO SANCHEZ Responsable de Automatización |
||